000 00480nam a2200181 a 4500
001 BRCA_5522
005 20190320205120.0
008 040211s1866----mx-#######---#000-0#spa-#
041 _aspa
044 _amx
050 4 _aDB30
_b.A46 1866
245 1 0 _aAlmanaque de la corte.
260 _aMéxico
_bGabinete Imperial
_c1866
300 _axvi, 117 p.
_c21 cm.
500 _aDonación de Joaquín von Mentz
650 1 4 _aCasas reales
_vAlmanaques
_zAustria
_914101
942 _2lcc
_cB
999 _c5216
_d5216